|
|
|
|
| LEADER |
00000nam0a2200000 4500 |
| 001 |
254954 |
| 005 |
20231101233001.0 |
| 035 |
|
|
|a (RuTPU)RU\TPU\book\277456
|
| 090 |
|
|
|a 254954
|
| 100 |
|
|
|a 20140325d1977 k y0rusy50 ca
|
| 101 |
0 |
|
|a rus
|
| 102 |
|
|
|a RU
|
| 105 |
|
|
|a a z 001zy
|
| 200 |
1 |
|
|a Теория электрической дуги в условиях вынужденного теплообмена
|e сборник статей
|f Академия наук СССР (АН СССР), Сибирское отделение (СО), Институт теплофизики (ИТ) ; под ред. М. Ф. Жукова
|
| 210 |
|
|
|a Новосибирск
|c Наука
|d 1977
|
| 215 |
|
|
|a 306 с.
|c ил.
|
| 320 |
|
|
|a Библиогр. в конце статей
|
| 606 |
1 |
|
|a Электрические разряды в газах при повышенном давлении
|2 stltpush
|3 (RuTPU)RU\TPU\subj\67659
|9 83380
|
| 610 |
1 |
|
|a электрическая дуга
|
| 610 |
1 |
|
|a теплообмен
|
| 610 |
1 |
|
|a расчет
|
| 610 |
1 |
|
|a горение
|
| 610 |
1 |
|
|a устойчивость
|
| 610 |
1 |
|
|a электрические разряды
|
| 610 |
1 |
|
|a СВЧ-плазмотроны
|
| 675 |
|
|
|a 537.527
|v 3
|
| 702 |
|
1 |
|a Жуков
|b М. Ф.
|4 340
|
| 712 |
0 |
2 |
|a Академия наук СССР (АН СССР)
|b Сибирское отделение (СО)
|b Институт теплофизики (ИТ)
|c (Новосибирск)
|2 stltpush
|3 (RuTPU)RU\TPU\col\11307
|
| 801 |
|
1 |
|a RU
|b 63413507
|c 20140325
|
| 801 |
|
2 |
|a RU
|b 63413507
|c 20151008
|g RCR
|
| 942 |
|
|
|c BK
|